Statistiken für Bilder nach Buchstabe - R

Klicken Sie hier um das Quiz zu spielen!

Allgemein

  • Dieses Quiz wurde 1,164 mal gespielt
  • Das Durchschnittsergebnis liegt bei 12 aus 16

Antwortstatistiken

Answer % Korrekt
Rio
98%
Rubin
95%
Rugby
94%
Radioaktiv
92%
Roulette
90%
Rihanna
90%
Recycling
89%
Reichstag
88%
Rubel
75%
Römer
70%
Rhabarber
69%
Rosenkranz
67%
Rembrandt
45%
Runen
43%
Rügen
42%
Rorschach
29%

Verteilung der Resultate

Perzentil nach korrekt beantworteten Fragen

Anzahl Personen mit jedem Resultat

Ihre Resultats-Entwicklung

Sie haben dieses Quiz noch nicht gespielt